00354nam a2200157Ia 4500003000400000005001700004008004100021040000700062041000800069082001900077100001700096245003100113250000600144260003300150365001300183OSt20230525110931.0210423s2002 xx 000 0 und d cAL aeng a658.3 SINH223 aSINGH (N K). aHuman resource management. a7 aNew DelhibExcel Booksc2002 b175cINR